مكتبة جامعة عجلون الوطنية

فهرس بحث المكتبة

Normal view MARC view
  • اعداد جامعة عمان العربية، كلية الهندسة

Entry Personal Name

Number of records used in: 1

001 - CONTROL NUMBER

  • control field: 58795

003 - CONTROL NUMBER IDENTIFIER

  • control field: JO-AjAnu

005 - DATE AND TIME OF LATEST TRANSACTION

  • control field: 20230606083623.0

008 - FIXED-LENGTH DATA ELEMENTS

  • fixed length control field: 230606|| aca||aabn | a|a d

040 ## - CATALOGING SOURCE

  • Original cataloging agency: JO-AjAnu
  • Transcribing agency: JO-AjAnu

100 ## - HEADING--PERSONAL NAME

  • Personal name: اعداد جامعة عمان العربية، كلية الهندسة

670 ## - SOURCE DATA FOUND

  • Source citation: Work cat.: (JO-AjAnu)29991: اعداد جامعة عمان العربية، كلية الهندسة, author, نحو بيئة آمنة في ظل التحديات والمشكلات المعاصرة: المؤتمر البيئي العلمي الدولي الأول: جامعة عمان العربية - كلية الهندسة 17-18/تشرين الثاني/2018